A critical and exegetical commentary on Exodus 1-18 / (Record no. 10100)
[ view plain ]
| 000 -LEADER | |
|---|---|
| fixed length control field | 01517cam a22003618i 4500 |
| 001 - CONTROL NUMBER | |
| control field | 20956913 |
| 003 - CONTROL NUMBER IDENTIFIER | |
| control field | GBCCL |
| 005 - DATE AND TIME OF LATEST TRANSACTION | |
| control field | 20241126110725.0 |
| 008 - FIXED-LENGTH DATA ELEMENTS--GENERAL INFORMATION | |
| fixed length control field | 190501s2019 nyu b 001 0 eng |
| 010 ## - | |
| -- | 2019020090 |
| 020 ## - INTERNATIONAL STANDARD BOOK NUMBER | |
| International Standard Book Number | 9780567688682 (v. 1 : hardback) |
| 020 ## - INTERNATIONAL STANDARD BOOK NUMBER | |
| International Standard Book Number | 9780567688712 (v. 2 : hardback) |
| 040 ## - CATALOGING SOURCE | |
| Original cataloging agency | DLC |
| Language of cataloging | eng |
| Description conventions | rda |
| Transcribing agency | DLC |
| 042 ## - | |
| -- | pcc |
| 050 00 - | |
| -- | BS1245.53 |
| -- | .D38 2019 |
| 082 00 - DEWEY DECIMAL CLASSIFICATION NUMBER | |
| Classification number | 220.7 |
| -- | 222.1207 |
| Edition information | 23 |
| Item number | ICC |
| 100 1# - MAIN ENTRY--PERSONAL NAME | |
| Personal name | Davies, Graham I., |
| Relator term | author. |
| 9 (RLIN) | 17532 |
| 245 12 - TITLE STATEMENT | |
| Title | A critical and exegetical commentary on Exodus 1-18 / |
| Statement of responsibility, etc. | by G.I. Davies, F.B.A. Emeritus Professor of Old Testament Studies in the University of Cambridge, Fellow of Fitzwilliam College. |
| 263 ## - PROJECTED PUBLICATION DATE | |
| Projected publication date | 1911 |
| 264 #1 - PRODUCTION, PUBLICATION, DISTRIBUTION, MANUFACTURE, AND COPYRIGHT NOTICE | |
| Place of production, publication, distribution, manufacture | New York : |
| -- | New Delhi : |
| Name of producer, publisher, distributor, manufacturer | T&T Clark, |
| -- | Bloomsbury, |
| Date of production, publication, distribution, manufacture, or copyright notice | 2019. |
| -- | 2023 |
| 300 ## - PHYSICAL DESCRIPTION | |
| Extent | volumes cm. |
| 336 ## - CONTENT TYPE | |
| Content type term | text |
| Content type code | txt |
| Source | rdacontent |
| 337 ## - MEDIA TYPE | |
| Media type term | unmediated |
| Media type code | n |
| Source | rdamedia |
| 338 ## - CARRIER TYPE | |
| Carrier type term | volume |
| Carrier type code | nc |
| Source | rdacarrier |
| 490 0# - SERIES STATEMENT | |
| Series statement | International critical commentary |
| 504 ## - BIBLIOGRAPHY, ETC. NOTE | |
| Bibliography, etc. note | Includes bibliographical references and index. |
| 505 0# - FORMATTED CONTENTS NOTE | |
| Formatted contents note | Volume 1, Commentary on chapters 1-10 -- Volume 2, Commentary on chapters 11-18. |
| 630 00 - SUBJECT ADDED ENTRY--UNIFORM TITLE | |
| Uniform title | Bible. |
| Name of part/section of a work | Exodus |
| Form subdivision | Commentaries. |
| 9 (RLIN) | 736 |
| 776 08 - ADDITIONAL PHYSICAL FORM ENTRY | |
| Relationship information | Online version: |
| Main entry heading | Davies, Graham I., author. |
| Title | Critical and exegetical commentary on Exodus 1-18 |
| Place, publisher, and date of publication | New York : T&T Clark, 2019 |
| International Standard Book Number | 9780567688699 |
| Record control number | (DLC) 2019022288 |
| 906 ## - LOCAL DATA ELEMENT F, LDF (RLIN) | |
| a | 7 |
| b | cbc |
| c | orignew |
| d | 1 |
| e | ecip |
| f | 20 |
| g | y-gencatlg |
| 942 ## - ADDED ENTRY ELEMENTS (KOHA) | |
| Source of classification or shelving scheme | Dewey Decimal Classification |
| Koha item type | Reference Books |
| Withdrawn status | Lost status | Source of classification or shelving scheme | Damaged status | Not for loan | Home library | Current Library | Shelving location | Date acquired | Total checkouts | Full call number | Barcode | Date last seen | Copy number | Price effective from | Koha item type |
|---|---|---|---|---|---|---|---|---|---|---|---|---|---|---|---|
| Dewey Decimal Classification | GRACE BIBLE COLLEGE | GRACE BIBLE COLLEGE | Commentary | 2024-03-07 | 220.7 ICC | 016576 | 2025-05-01 | v.1 | 2024-03-07 | Reference Books | |||||
| Dewey Decimal Classification | GRACE BIBLE COLLEGE | GRACE BIBLE COLLEGE | Commentary | 2024-03-07 | 220.7 ICC | 016577 | 2025-05-01 | v.2 | 2024-03-07 | Reference Books |